000
00312nam a2200121Ia 4500
008
230524s9999 xx 000 0 und d
100
_a
"John J. Grainger , William D. Stevenson, Jr."
245
0
_a
Power System Analysis
260
_b
TMH
500
_a
Quantity Number: 60
650
_a
Electrical
942
_c
BK
999
_c
49807
_d
49807